01555naa a22003617a 4500001001000000003000900010005001700019007000300036008003400039040005400073041000900127072003200136090001800168100001700186100002100203100001900224111010000243245008100343500018500424773018400609650002100793650001200814650001500826650001600841650001500857650001100872650001700883490009900900942001500999909004001014999001901054952012001073BR8424572BR-BrBNA20250721154451.0ta250630b bl.|||m| |||| 00| 0 por d aBR-BrBNAbporcBiblioteca Nacional de Agricultura a(Pt) aH10b3000b3575b4020bG514 aH10 BR84245721 aSantos, G.P.1 aSilva, N. dos A.1 aZanuncio, J.C.1 a6. Seminario sobre Atualidades e Perspectivas FlorestaiscCuritiba, PR (Brazil)d16-17 Feb 19821 aPragas de sementes de essencias nativas na regiao de Vicosa [inseto, Brasil] aAnais do 6. Seminario sobre Atualidades e Perspectivas Florestais. Situacao da entomologia e da patologia florestal no Brasil Curitiba, PR (Brasil): 1984. p. 35-37 (BR8424572-AMS) 0 tAnais do 6. Seminario sobre Atualidades e Perspectivas Florestais. Situacao da entomologia e da patologia florestal no BrasilwH10 BR8424572gCuritiba, PR (Brasil), 1984. p. 35-37 aARVORE FLORESTAL aSEMENTE aCOLEOPTERO aLEPIDOPTERO aINFESTACAO aVICOSA aMINAS GERAIS aDocumentos - Unidade Regional de Pesquisa Florestal Centro-Sul (Brazil)vno 14xISSN 0101-7691 cAMS2AGRIS a202506bLúciac55dLúcia Elande c334970d334970 002AGRIS40708AGROBASEa41918b41918l0r2025-06-30t01yAMS10d2025-06-30ePortaria Interministerial nº 164/94